<?xml version="1.0" encoding="UTF-8"?>
<record
    xmlns:xsi="http://www.w3.org/2001/XMLSchema-instance"
    xsi:schemaLocation="http://www.loc.gov/MARC21/slim http://www.loc.gov/standards/marcxml/schema/MARC21slim.xsd"
    xmlns="http://www.loc.gov/MARC21/slim">

  <leader>03864    a2200217   4500</leader>
  <controlfield tag="001">54503</controlfield>
  <controlfield tag="005">20260407155817.0</controlfield>
  <controlfield tag="008">260407a1947    arg                 spa d</controlfield>
  <controlfield tag="003">AR-UNSa-BCEJYS</controlfield>
  <datafield tag="040" ind1=" " ind2=" ">
    <subfield code="a">AR-UNSa-BCEJYS</subfield>
    <subfield code="b">spa</subfield>
    <subfield code="c">AR-UNSa-BCEJYS</subfield>
  </datafield>
  <datafield tag="080" ind1=" " ind2=" ">
    <subfield code="a">336.1</subfield>
    <subfield code="x">Finanzas P&#xFA;blicas. Finanzas del gobierno en general
 
</subfield>
  </datafield>
  <datafield tag="245" ind1="1" ind2="0">
    <subfield code="a">Un estudio sobre hacienda p&#xFA;blica</subfield>
  </datafield>
  <datafield tag="250" ind1=" " ind2=" ">
    <subfield code="a">3a. ed.</subfield>
  </datafield>
  <datafield tag="264" ind1=" " ind2="1">
    <subfield code="a">[Madrid] :</subfield>
    <subfield code="b">Instituto de Estudios Fiscales</subfield>
    <subfield code="c">1947</subfield>
  </datafield>
  <datafield tag="300" ind1=" " ind2=" ">
    <subfield code="a">366 p.</subfield>
    <subfield code="c">24 cm.</subfield>
  </datafield>
  <datafield tag="505" ind1=" " ind2=" ">
    <subfield code="a">Primera parte: Aspectos generales - I. Preliminares - II. Los principios de la compensaci&#xF3;n - III. Gastos transferibles y no transferibles de las autoridades p&#xFA;blicas - IV. Financiaci&#xF3;n de las empresas regidas por la autoridad p&#xFA;blica - V. El alcance del gasto p&#xFA;blico - VI. El papel de los empr&#xE9;stitos,que no sean de guerra,en la hacienda p&#xFA;blica - Segunda parte: El ingreso fiscal - I. Los principios de la imposici&#xF3;n - II. Esquemas y f&#xF3;rmulas tributarias - III. La interacci&#xF3;n de las diferentes f&#xF3;rmulas tributarias - IV. El principio del sacrificio m&#xED;nimo y el aspecto distributivo de la imposici&#xF3;n - V. El principio del sacrificio m&#xED;nimo y el anuncio tributario para los grupos de igual renta - VI. Consideraciones combinadas sobre la distribuci&#xF3;n y el anuncio del impuesto - VII. La estructura de un impuesto sobre la renta fundado en el sacrificio igual,cuando no existe ahorro - VIII. Los impuestos y las subvenciones para la correcci&#xF3;n de dasajustes - IX. Diferencias en la imposici&#xF3;n entre las distintas clases de gasto - X. El impuesto sobre la renta y el ahorro - XI. Diferenciaci&#xF3;n entre las fuentes de renta - XII. Los impuestos sobre la renta de la inversi&#xF3;n versus los impuestos sobre la propiedad - XIII. Los impuestos sobre la herencia y sobre la renta de la inversi&#xF3;n - XIV. Los impuestos sobre el valor p&#xFA;blico de la renta - XV. Los impuestos sobre los ingresos monopol&#xED;sticos - XVI. Los impuestos sobre los beneficios extraordinarios - XVII. Las reacciones internacionales ante los impuestos interiores - XVIII. La imposici&#xF3;n sobre lso extranjeros - XIX. Los pagos por reparaciones y la relaci&#xF3;n real de intercambio - XX. Las implicaciones sobre los precios de los pagos por reparaciones cuando existe un patr&#xF3;n oro internacional - XXI. La contribuci&#xF3;n neta que reciben los pa&#xED;ses perceptores de reparaciones de los pa&#xED;ses que las pagan - XXII. Los impuestos "ad valorem" generales y uniformes sobre las importaciones y las exportaciones - XXIII. Los derechos protectores - Tercera parte: La hacienda p&#xFA;blica y la ocupaci&#xF3;n - I. Introducci&#xF3;n - II. La ocupaci&#xF3;n y el paro en relaci&#xF3;n con la n&#xF3;mina de salarios monetarios.Se prescinde de los reflejos de las modoficaciones en los tipos de salarios monetarios sobre la n&#xF3;mina de los mismos - III. Las implicaciones de las influencias reflejas en las modificaciones de los tipos monetarios de salarios sobre la n&#xF3;mina de los mismos - IV. La relaci&#xF3;n entre la n&#xF3;mina de salarios monetarios y el gasto monetario total cuando los tipos monetarios de salarios son fijos - V. La relaci&#xF3;n entre el gasto monetario total y las actividades de la hacienda p&#xFA;blica - VI. Principales procedimientos por los que las autoridades p&#xFA;blicas pueden influir sobre el gasto monetario total en favor de la ocupaci&#xF3;n - VII. La distribuci&#xF3;n en el tiempo del gasto p&#xFA;blico - VIII. Compras p&#xFA;blicas de "stocks" en &#xE9;pocas malas y venta de los mismos en las buenas - IX. El ajuste de las contribuciones a la seguridad social en &#xE9;pocas malas y buenas - X. Subvenciones salariales a los empresarios en las &#xE9;pocas malas - XI. Un refinamiento acad&#xE9;mico - XII. Expansiones "definitivas" de la n&#xF3;mina de salarios monetarios - XIII. Movimiento de la tendencia</subfield>
  </datafield>
  <datafield tag="041" ind1=" " ind2=" ">
    <subfield code="a">spa</subfield>
  </datafield>
  <datafield tag="942" ind1=" " ind2=" ">
    <subfield code="c">BK</subfield>
  </datafield>
  <datafield tag="590" ind1=" " ind2=" ">
    <subfield code="a">niveau_biblio:m niveau_hierar:0</subfield>
  </datafield>
  <datafield tag="100" ind1="1" ind2=" ">
    <subfield code="a">Pigou, Arthur C.</subfield>
  </datafield>
  <datafield tag="999" ind1=" " ind2=" ">
    <subfield code="c">5589</subfield>
    <subfield code="d">5589</subfield>
  </datafield>
  <datafield tag="952" ind1=" " ind2=" ">
    <subfield code="0">0</subfield>
    <subfield code="1">0</subfield>
    <subfield code="4">0</subfield>
    <subfield code="7">0</subfield>
    <subfield code="a">BCEJYS</subfield>
    <subfield code="b">BCEJYS</subfield>
    <subfield code="c">16</subfield>
    <subfield code="d">2026-04-07</subfield>
    <subfield code="l">0</subfield>
    <subfield code="o">336.1 P633 3ed.</subfield>
    <subfield code="p">L33411</subfield>
    <subfield code="r">2026-04-07 15:58:17</subfield>
    <subfield code="w">2026-04-07</subfield>
    <subfield code="y">L</subfield>
  </datafield>
</record>
